| 000 | 00550nam a22001817a 4500 | ||
|---|---|---|---|
| 999 |
_c16652 _d16652 |
||
| 003 | AR-CdUCM | ||
| 008 | 190504b ||||| |||| 00| 0 sp d | ||
| 040 |
_aMUNICIPALIDAD PROVINCIAL DEL CUSCO _cBIBLIOTECA MUNICIPAL DEL CUSCO |
||
| 082 |
_a801.2 / _bT37 |
||
| 100 |
_aTenicela Ponce, Juan M. _95317 |
||
| 245 |
_aPoemas noctámbulos : _bA los olvidados de mi Perú con afecto / |
||
| 260 |
_aLima : _c2005. |
||
| 300 |
_a83 páginas ; _c21 cm. |
||
| 505 | _aContenido : Poesía. | ||
| 650 |
_aPoesía. _9139 |
||
| 942 |
_2ddc _cLIBROS |
||
| 945 | _arcc | ||